Đạm sinh học trong trồng trọt

Giới thiệu những thành tựu trong nghiên cứu đạm sinh học.

Сохранить в:
Библиографические подробности
Формат:
Язык:Undetermined
Опубликовано: Hà Nội Khoa học kỹ thuật 1975
Предметы:
Метки: Добавить метку
Нет меток, Требуется 1-ая метка записи!
Thư viện lưu trữ: Trung tâm Học liệu Trường Đại học Cần Thơ
LEADER 00592nam a2200169Ia 4500
001 CTU_12722
008 210402s9999 xx 000 0 und d
082 |a 631.8 
082 |b Đ104 
245 0 |a Đạm sinh học trong trồng trọt 
245 0 |c Nguyễn Xuân Hiển ... [et al.] (Dịch giả) 
260 |a Hà Nội 
260 |b Khoa học kỹ thuật 
260 |c 1975 
520 |a Giới thiệu những thành tựu trong nghiên cứu đạm sinh học. 
650 |a Phân bón,Fertilizers 
980 |a Trung tâm Học liệu Trường Đại học Cần Thơ